Síntesis del Seminario Sobre la Inserción Económica Internacional de la Comunidad Andina
Realizado por la CEPAL en 1998 aborda los desafíos y oportunidades que enfrenta la Comunidad Andina en su relación con la economía internacional. Se examina cómo los países miembros (Bolivia, Colombia, Ecuador, Perú y Venezuela) buscan insertarse de manera más efectiva en los mercados globales y cóm...
Uloženo v:
| Korporativní autor: | |
|---|---|
| Další autoři: | , |
| Médium: | Konferenční příspěvek |
| Jazyk: | Spanish |
| Vydáno: |
Bogotá:
CEPAL
|
| Témata: | |
| Tagy: |
Přidat tag
Žádné tagy, Buďte první, kdo vytvoří štítek k tomuto záznamu!
|
MARC
| LEADER | 00000 a a2200000 04500 | ||
|---|---|---|---|
| 001 | 40154 | ||
| 003 | cru CIDCACS/IIS | ||
| 005 | 20231020062601.0 | ||
| 008 | 230827b1998 ck ||||| |||| 00| 0 spa d | ||
| 040 | |c cru CIDCACS/IIS |a cru CIDCACS/IIS | ||
| 090 | |a 01.02.01 H465s | ||
| 111 | |a Seminario Sobre la Inserción Económica Internacional de la Comunidad Andina |c Santa Fé de Bogotá, Colombia |d 1998 mayo 26 | ||
| 245 | |a Síntesis del Seminario Sobre la Inserción Económica Internacional de la Comunidad Andina | ||
| 260 | |a Bogotá: |b CEPAL | ||
| 300 | |a 34 páginas : tablas, gráficos | ||
| 520 | |a Realizado por la CEPAL en 1998 aborda los desafíos y oportunidades que enfrenta la Comunidad Andina en su relación con la economía internacional. Se examina cómo los países miembros (Bolivia, Colombia, Ecuador, Perú y Venezuela) buscan insertarse de manera más efectiva en los mercados globales y cómo han abordado cuestiones relacionadas con el comercio, la inversión extranjera, la cooperación regional y los acuerdos internacionales. El documento analiza las políticas y estrategias que estos países han implementado para mejorar su posición económica en el contexto internacional, considerando tanto los aspectos económicos como los sociales y políticos. Se destacan los debates y enfoques presentados en el seminario, así como las recomendaciones para fortalecer la integración económica regional y la cooperación con otros actores internacionales. RAR | ||
| 650 | 0 | |2 OCDE |9 4406 |a ECONOMIA INTERNACIONAL | |
| 650 | 0 | |2 UNESCO |9 2855 |a REGIÓN ANDINA | |
| 650 | 4 | |2 OCDE |9 1945 |a COMERCIO INTERNACIONAL | |
| 650 | 0 | |2 OCDE |9 2683 |a INVERSIONES EXTRANJERAS | |
| 650 | 0 | |a COOPERACION REGIONAL |9 2850 | |
| 650 | 0 | |2 OCDE |9 507 |a ACUERDOS INTERNACIONALES | |
| 650 | 0 | |2 OCDE |9 7931 |a ESTRATEGIAS | |
| 651 | 0 | |2 OCDE |9 3492 |a BOLIVIA | |
| 651 | 0 | |2 OCDE |9 4598 |a COLOMBIA | |
| 651 | 0 | |2 OCDE |9 74 |a ECUADOR | |
| 651 | 0 | |2 OCDE |9 2675 |a PERU | |
| 651 | 0 | |2 OCDE |9 1095 |a VENEZUELA | |
| 700 | |a Heirman, Johannes | ||
| 700 | |a Mattos, José Carlos | ||
| 942 | |2 z |c LI |h 01.02.01 H465s |i 08133 |6 010201_H465S_08133 | ||
| 999 | |c 15156 |d 15156 | ||
